| 000 | 01167nam a2200265 a 4500 | ||
|---|---|---|---|
| 001 | 000005822 | ||
| 005 | 20200929151811.0 | ||
| 008 | 090824s1964 dr 000 0 spa d | ||
| 040 |
_aDO-SdBNP _bspa _cBNPHU |
||
| 082 |
_a344.729301 _bR426c, 1964 |
||
| 110 | 1 |
_aRepública Dominicana. _9447 |
|
| 240 | 1 | 0 | _a[Código,etc] |
| 245 | 1 | 0 | _aCódigo de trabajo. |
| 260 |
_aSanto Domingo : _bEditora del Caribe, _c1964. |
||
| 300 |
_a233 p. ; _c23 cm. |
||
| 500 | _aVotado por la ley Nº 2920 del Congreso Nacional, promulgada por el Poder Ejecutivo el 11 de junio de 1951 y publicada en la Gaceta Oficial Nº 7309 bis, incluyendo todas las modificaciones, correcciones y adiciones hasta la fecha. | ||
| 504 | _aIncluye bibliografía y notas al pie de páginas. | ||
| 590 | _aInventariado, 2018/VM | ||
| 650 | 4 |
_aDerecho laboral _xLegislación _zRepública Dominicana _97806 |
|
| 650 | 4 |
_aLegislación laboral _zRepública Dominicana _911733 |
|
| 650 | 4 |
_aLeyes _zRepública Dominicana _93033 |
|
| 651 | 4 |
_aRepública Dominicana _xLey 2920 _916444 |
|
| 710 | 1 |
_aRepública Dominicana. _bSecretaría de Estado del Trabajo _916445 |
|
| 910 | _aValidado. Control de calidad EMS | ||
| 999 |
_c5618 _d5618 |
||